[Event "21st Hogeschool Zeeland 2017"]
[Site "Vlissingen"]
[Date "2017.08.06"]
[Round "2"]
[White "Landa, Konstantin"]
[Black "Woudsma, Martijn"]
[Result "1-0"]
[WhiteElo "2623"]
[BlackElo "2181"]
[Annotator "TA"]
[PlyCount "47"]
[EventDate "2017.??.??"]
[SourceTitle "playchess.com"]
[Source "ChessBase"]
[SourceQuality "1"]

{[%evp 19,47,33,29,29,34,33,38,34,35,38,44,0,0,0,23,0,125,127,160,167,155,124,234,243,389,377,563,551,593,581]} 1. Nf3 c5 2. e4 d6 3. Bb5+ Bd7 4. c4 Bxb5 (4... Nf6 5. Nc3 a6 6. Bxd7+ Nbxd7 7. O-O Rc8 8. Re1 e6 9. b3 Ne5 10. d3 Be7 11. Bf4 Nfd7 12. Nxe5 dxe5 {½-½ (29) Vachier Lagrave,M (2804)-Grischuk,A (2737) Doha 2016}) 5. cxb5 g6 6. d4 {B52: Sicilian: Moscow Variation with 3...Bd7} cxd4 7. Nxd4 Bg7 8. Nc3 Nf6 9. O-O O-O 10. Qe2 Nbd7 {LiveBook: 8 Games} 11. Rd1 Qc7 $146 ({Predecessor:} 11... Rc8 12. Be3 {1-0 (24) David,A (2585)-Georgiev,K (2627) Padova 2015}) 12. Be3 Rfc8 13. Rac1 Qd8 14. Nb3 a6 15. a4 axb5 16. axb5 Qf8 17. Ra1 Rxc3 (17... Rxa1 $11 {remains equal.} 18. Rxa1 Ra8) 18. bxc3 $16 Rxa1 19. Rxa1 Nxe4 20. Bd4 Nxc3 {[#]} (20... d5 $16 {was worth a try.}) 21. Qf3 $1 $18 {[%cal Rf3c3]} Bxd4 (21... Nxb5 {keeps fighting.} 22. Bxg7 Qxg7) 22. Nxd4 e5 (22... Nxb5 {was necessary.} 23. Nxb5 Qc8) 23. Nb3 Nxb5 24. Qxb7 {Precision: White = 53%, Black = 46%.} 1-0

[Event "21st Hogeschool Zeeland 2017"]
[Site "Vlissingen"]
[Date "2017.08.06"]
[Round "2"]
[White "Van Foreest, Jorden"]
[Black "Nieuwelink, Kees"]
[Result "1-0"]
[WhiteElo "2600"]
[BlackElo "2173"]
[Annotator "TA"]
[PlyCount "59"]
[EventDate "2017.??.??"]
[SourceTitle "playchess.com"]
[Source "ChessBase"]
[SourceQuality "1"]

{[%evp 12,59,55,50,52,53,71,55,69,50,65,64,66,52,118,45,47,50,52,41,39,14,56,11,25,8,0,14,4,8,22,0,0,0,0,0,0,0,0,0,0,-23,-23,-38,0,0,-6,-62,634,626]} 1. d4 f5 2. Bf4 Nf6 3. e3 e6 4. Be2 d5 5. Nf3 Bd6 6. c4 O-O 7. O-O b6 {A84: Dutch Defence: 2 c4 Miscellaneous} 8. Nc3 c6 $146 ({Predecessor:} 8... Bb7 9. Rc1 Nbd7 10. Re1 a6 11. a3 Ne4 12. Bxd6 cxd6 13. cxd5 Nxc3 14. Rxc3 Bxd5 {1-0 (22) Arkhipov,S (2510)-Insam,H (2250) Oberwart 1991}) 9. Qc2 Ne4 {White is slightly better.} 10. Rab1 Ba6 11. Bxd6 Qxd6 12. Ne5 Bb7 (12... c5 $14) 13. cxd5 (13. Nxe4 $16 fxe4 14. f3) 13... exd5 $14 14. Nxe4 fxe4 {[%cal Bf5e4,Be4f3][%mdl 32]} 15. f3 exf3 $1 16. Bd3 Qh6 17. Rbe1 {Strongly threatening Bf5.} (17. Bf5 $5 {[%cal Rf1f3]} g6 18. Be6+ Kg7 19. Qd2 $14 (19. Rxf3 Rxf3 20. gxf3 Qxe3+ 21. Qf2 Qxf2+ 22. Kxf2 c5 $17)) 17... Na6 18. Bxa6 Bxa6 19. Rxf3 Rxf3 20. gxf3 c5 21. Kh1 Re8 (21... Qh4 $5 {[%cal Rh4e1]} 22. Rg1 Qe7 $14) 22. Qa4 {[%cal Ra4e8] [#]} b5 23. Qb3 c4 24. Qb4 {Qc5 is the strong threat.} Qb6 25. Rg1 $40 {[%mdl 128] Black needs to defend precisely.} Bc8 26. Qe1 Bf5 27. Qh4 g6 28. Qh6 b4 29. Qg5 ({White should play} 29. h4 $1 $11) 29... c3 $2 {[%mdl 8192] [#]} (29... Rf8 $15) 30. Qxf5 $1 {Precision: White = 34%, Black = 52%.} 1-0

[Event "21st Hogeschool Zeeland 2017"]
[Site "Vlissingen"]
[Date "2017.08.06"]
[Round "2"]
[White "Ikonnikov, Vyacheslav"]
[Black "Carlo Luis M"]
[Result "0-1"]
[WhiteElo "2532"]
[BlackElo "2237"]
[Annotator "TA"]
[PlyCount "148"]
[EventDate "2017.??.??"]
[SourceTitle "playchess.com"]
[Source "ChessBase"]
[SourceQuality "1"]

{[%evp 25,148,32,37,38,39,44,52,38,35,-24,-18,-10,-9,-9,-9,-8,-8,-8,-8,-10,-8,-8,-8,-11,-11,-10,-8,-18,-18,-20,-29,-68,-66,-61,-13,-13,-15,-16,0,-10,0,-8,-7,-25,-24,-28,-29,-29,-22,-39,-36,-117,-109,-121,-107,-224,-223,-243,-233,-318,-302,-235,-225,-359,-348,-341,-326,-314,-473,-466,-458,-435,-428,-369,-372,-439,-415,-487,-485,-480,-438,-438,-412,-346,-316,-468,-466,-795,-675,-931,-916,-823,-679,-969,-1140,-29962,-29965,-29966,-29969,-29969,-29970,-29968,-29971,-29971,-29972,-29975,-29977,-29977,-29978,-29977,-29978,-29978,-29979,-29983,-29979,-29983,-29979,-29982,-29982,-29982,-29983,-29983,-29984,-29984,-29985]} 1. d4 d5 2. Nf3 Nf6 3. c4 dxc4 4. e3 a6 5. Bxc4 e6 6. O-O b5 7. Bd3 Bb7 8. a4 b4 9. Nbd2 {D26: Queen's Gambit Accepted: 4 e3 e6 5 Bxc5 c5 sidelines} c5 10. Qe2 (10. e4 Nc6 11. e5 Nd7 12. Be4 cxd4 13. Nc4 Nc5 14. Bxc6+ Bxc6 15. Nxd4 Bd5 16. Qe2 Rc8 {1-0 (112) Kuljasevic,D (2546)-Hera,I (2611) Biel 2017}) 10... Nbd7 {[%cal Bb8d7,Bd7c5,Bc5d3][%mdl 32]} 11. Nc4 Be7 12. e4 cxd4 13. e5 Nd5 $1 {LiveBook: 6 Games} 14. Nxd4 Nc5 15. Rd1 Nxd3 16. Rxd3 Rc8 17. Nd6+ $146 ({Better is} 17. b3 $14) 17... Bxd6 $11 18. exd6 Rxc1+ ({But not} 18... Qxd6 $2 19. Nf5 $18) 19. Rxc1 {Strongly threatening Nxe6.} Nf4 20. Qe3 Nxd3 21. Nxe6 fxe6 22. Qxe6+ Kf8 23. Rc7 {[%csl Gc7][%cal Re6f7]} Qf6 24. Qxf6+ gxf6 25. Rxb7 {[%mdl 4096] Endgame KRN-KR} Nc5 26. Ra7 Rg8 {aiming for ...Rg5.} 27. d7 $1 {[%cal Rd7d8]} Ne6 ({Weaker is} 27... Ke7 28. d8=Q+ $1 {[%mdl 512]} Kxd8 29. Ra8+ Kc7 30. Rxg8 $16) 28. Rxa6 Ke7 29. Rb6 Rd8 (29... Nf4 {with more complications.} 30. Kf1 Nd5 31. Rb5 Kd6 32. Ke2 Rd8) 30. Rxb4 Rxd7 {[%cal Rd7d1]} 31. g3 Rd1+ 32. Kg2 Nc5 33. Rh4 Rd2 34. b4 Nxa4 35. Rxh7+ Ke6 36. h4 Nc3 37. h5 Nd1 {White must now prevent ...Kf5.} 38. h6 (38. Rc7 $15) 38... Nxf2 $17 {And now ...Kf5 would win.} ({Of course not} 38... Rxf2+ $6 39. Kg1 $11) 39. Kf3 Nh3 $1 40. Kg4 (40. Ra7 $17) 40... Ng5 $19 41. Rc7 Rh2 $1 42. b5 {intending b6.} Rxh6 43. Rc6+ Kf7 $1 44. Kf5 {[#]} (44. Rc4 $142) 44... Ne6 $1 {[%cal Re6d4][%mdl 512] Threatens to win with ...Nd4+.} 45. Ke4 (45. Rxe6 Rh5+) 45... Rh5 46. Rb6 Re5+ 47. Kd3 Rg5 48. Rb7+ Kg6 49. Kc4 Rxg3 50. b6 Rg1 51. Rb8 Kf5 52. Kd5 Rd1+ 53. Kc6 Rc1+ 54. Kd6 Nc5 55. Ra8 (55. b7 {was necessary.}) 55... Ke4 56. Ra7 (56. Ke7 $142 f5 57. Rc8) 56... Kd4 57. Rf7 Ne4+ 58. Kd7 Ke5 59. b7 {[#]} Nc5+ $1 60. Kc8 {[#]} Nxb7+ $1 {Black mates.} 61. Kxb7 {KR-KR} f5 {[%cal Bf6f5,Bf5f4,Bf4f3,Bf3f2][%mdl 32]} 62. Kb6 f4 63. Kb5 Ke4 64. Kb4 Ke3 65. Kb3 f3 66. Re7+ Kd3 67. Rf7 Ke2 68. Re7+ Kf1 69. Kb2 Re1 70. Rf7 f2 71. Kc2 Kg2 72. Rg7+ Kh3 73. Rh7+ Kg4 74. Rg7+ Kh5 {Precision: White = 32%, Black = 87%.} 0-1

[Event "21st Hogeschool Zeeland 2017"]
[Site "Vlissingen"]
[Date "2017.08.06"]
[Round "2"]
[White "Pruijssers, Roeland"]
[Black "Goormachtigh, Johan"]
[Result "1-0"]
[WhiteElo "2489"]
[BlackElo "2156"]
[Annotator "TA"]
[PlyCount "83"]
[EventDate "2017.??.??"]
[SourceTitle "playchess.com"]
[Source "ChessBase"]
[SourceQuality "1"]

{[%evp 10,83,33,29,38,33,61,57,63,57,70,66,89,72,73,77,85,70,79,79,100,116,123,111,115,116,137,134,129,133,129,122,120,114,110,125,140,146,205,204,208,168,137,138,140,137,219,215,218,206,242,218,216,214,224,224,224,224,218,217,213,208,210,214,210,210,215,210,213,218,207,196,228,231,552,539]} 1. e4 c5 2. Nf3 e6 3. b3 d6 4. Bb2 e5 (4... Nd7 5. g3 Ngf6 6. Nc3 b6 7. d4 cxd4 8. Nxd4 Bb7 9. Bg2 Be7 10. Qe2 O-O 11. O-O-O Re8 {0-1 (37) Nepomniachtchi,I (2751)-Rublevsky,S (2682) Sochi 2017}) 5. Bb5+ Nc6 6. O-O {LiveBook: 7 Games. B50: Sicilian: 2...d6, Miscellaneous} Be7 7. c3 Bd7 8. d4 {White is slightly better.} Nf6 9. d5 Nb8 10. Bd3 $146 ({Predecessor:} 10. Bxd7+ Nbxd7 11. Nbd2 b5 {½-½ (53) Tonoli,W-Marrero,M Groningen 1976}) 10... O-O 11. Nbd2 Ne8 12. a4 $36 {[%cal Ba2a4,Ba4a5][%mdl 2080] Keeping Black busy.} g6 13. b4 cxb4 14. cxb4 a5 15. bxa5 Qxa5 16. Nc4 Qd8 17. a5 Na6 18. Ba3 Nac7 19. Qb3 Bb5 20. Ncxe5 Rxa5 21. Nc4 Bxc4 22. Bxc4 b5 23. Bd3 Qa8 (23... Bf6 $16 {might work better.}) 24. Bb2 {Qc3 is the strong threat.} Bf6 25. e5 dxe5 {With the idea ...Rxa1.} 26. Rxa5 ({But not} 26. Nxe5 $6 Rxa1 27. Bxa1 Nd6 $11) 26... Qxa5 {[#]} 27. Ba3 $1 ({Much less strong is} 27. Bxe5 $6 b4 $14) 27... b4 (27... Kg7 $16 28. d6 Ne6) 28. Bxb4 $18 Qxd5 29. Bc4 Qb7 30. Bxf8 Qxb3 31. Bxb3 Kxf8 32. Re1 e4 33. Rxe4 Nd6 34. Rb4 Ncb5 35. Ba4 Nc3 36. Bc6 Ke7 37. Kf1 h6 38. Nd2 Ke6 39. Nb3 h5 40. Nc5+ Kf5 41. Nb7 Nc8 $2 {[#]} (41... Ke6 {is tougher.} 42. Nxd6 Kxd6) 42. Bd7+ {Precision: White = 89%, Black = 57%.} 1-0

[Event "21st Hogeschool Zeeland 2017"]
[Site "Vlissingen"]
[Date "2017.08.06"]
[Round "2"]
[White "Leenhouts, Koen"]
[Black "Mellema, Andries"]
[Result "1-0"]
[WhiteElo "2486"]
[BlackElo "2155"]
[Annotator "TA"]
[PlyCount "63"]
[EventDate "2017.??.??"]
[SourceTitle "playchess.com"]
[Source "ChessBase"]
[SourceQuality "1"]

{[%evp 14,63,38,33,18,28,51,39,71,53,48,42,81,50,44,40,52,16,27,0,68,40,76,35,39,50,67,77,195,182,176,149,187,108,110,85,112,108,202,210,204,210,264,171,629,622,1383,1339,1766,1716,2006,1989]} 1. d4 Nf6 2. c4 c5 3. d5 e6 4. Nc3 exd5 5. cxd5 d6 6. e4 g6 7. f3 Bg7 8. Bg5 a6 {A65: Modern Benoni: 6 e4} (8... O-O 9. Qd2 Re8 10. Nge2 Nbd7 11. Ng3 a6 12. a4 Qc7 13. Be2 c4 14. O-O Rb8 15. Be3 h5 16. Rfc1 h4 17. Nh1 h3 18. g3 b5 19. axb5 axb5 20. Ra7 Qd8 {1-0 (52) Nakamura,H (2787)-Kasparov,G (2812) Saint Louis 2016}) 9. a4 Nbd7 10. Nh3 $1 O-O {White is slightly better.} 11. Be2 h6 12. Be3 Ne8 $146 ({Predecessor:} 12... Rb8 13. O-O Ne8 14. Qd2 h5 15. f4 b5 16. axb5 axb5 17. Nxb5 {1-0 (39) Geirnaert,S (2399)-Bok,B (2590) Belgium 2015}) 13. O-O Nc7 14. Qd2 Kh7 15. g4 Ne5 16. Nf2 Qh4 (16... f5 $1 $11) 17. Bf4 Qf6 18. Kg2 g5 19. Bg3 Rb8 20. Nd3 Nxd3 (20... Qe7 $16) 21. Bxd3 $18 {[#] Hoping for e5+.} ({Don't play} 21. Qxd3 Qg6 $16) 21... Kg8 22. Rae1 {[%cal Ba1e1,Be1e5,Be5h5,Bh5h6][%mdl 32]} Qd8 23. e5 (23. Rh1 $18) 23... dxe5 $16 24. Bxe5 Bxe5 25. Rxe5 Qf6 (25... b5 $16 {keeps fighting.}) 26. Rfe1 $18 b5 27. h4 {[%cal Rh4g5]} gxh4 28. Rh5 $36 {[%mdl 2048] White is really pushing.} Qg7 $2 {[#]} (28... bxa4 29. Nxa4 h3+ 30. Kg3 Rb3) 29. Rxh6 {White is clearly winning.} Rd8 {If Black can now play ...Bxg4 this consolidates a bit.} 30. Rh7 Qf6 31. Ne4 Qe5 32. Rh5 {Precision: White = 70%, Black = 31%.} 1-0

[Event "21st Hogeschool Zeeland 2017"]
[Site "Vlissingen"]
[Date "2017.08.06"]
[Round "2"]
[White "Van Foreest, Lucas"]
[Black "Ijzermans, Cees"]
[Result "1-0"]
[WhiteElo "2467"]
[BlackElo "2138"]
[Annotator "TA"]
[PlyCount "37"]
[EventDate "2017.??.??"]
[SourceTitle "playchess.com"]
[Source "ChessBase"]
[SourceQuality "1"]

{[%evp 9,37,28,35,6,69,58,83,75,108,114,168,159,168,163,152,167,161,161,151,158,264,264,267,267,322,319,386,358,464,454]} 1. e4 e5 2. Nf3 Nc6 3. Bb5 Bc5 4. c3 Nf6 5. d4 Bb6 6. a4 {aiming for Bxc6. C64: Ruy Lopez: Classical Defence (3...Bc5) except 4 0-0 Nf6} (6. Bxc6 $5 dxc6 7. Nxe5 $11) (6. Nxe5 Qe7 7. Bf4 Nxe4 8. O-O Nxe5 9. Bxe5 O-O 10. Re1 d5 11. Nd2 f5 12. Bf4 c5 13. Bf1 cxd4 14. cxd4 {1-0 (36) Baron,T (2524)-Jumabayev,R (2600) Riga 2015}) 6... a6 $146 ({Better is} 6... exd4 $1 $11 7. e5 Nd5) ({Find the theoretical novelty and annotate with similar games:} 6... a5 7. dxe5 Ng4 8. O-O Ngxe5 9. Bf4 Qf6 10. Bxe5 Nxe5 11. Nbd2 Bc5 12. Nd4 O-O 13. f4 Nc6 {0-1 (82) Piacentile,C (1558)-Selmeczi,J (1803) LSS email 2013}) 7. Bxc6 $1 $14 dxc6 8. Nxe5 {White is better.} c5 {[#]} 9. dxc5 $1 Qe7 (9... Qxd1+ $16 {was called for.} 10. Kxd1 Bxc5) 10. cxb6 $18 Qxe5 11. O-O O-O 12. Qd4 Qxe4 13. Qxe4 Nxe4 14. bxc7 Bd7 (14... Be6 $16 15. Bf4 Rfc8) 15. Be3 Rac8 16. Bb6 Nf6 17. c4 Kh8 18. Nc3 Bc6 19. Rad1 {Precision: White = 80%, Black = 24%.} 1-0

[Event "21st Hogeschool Zeeland 2017"]
[Site "Vlissingen"]
[Date "2017.08.06"]
[Round "2"]
[White "Czebe, Attila"]
[Black "Coenen, Eduard"]
[Result "1-0"]
[WhiteElo "2465"]
[BlackElo "2120"]
[Annotator "TA"]
[PlyCount "66"]
[EventDate "2017.??.??"]
[SourceTitle "playchess.com"]
[Source "ChessBase"]
[SourceQuality "1"]

{[%evp 11,66,48,32,28,65,45,59,47,43,26,94,92,120,110,122,85,103,83,105,95,108,95,111,98,107,99,101,90,101,97,144,150,197,178,413,401,464,466,450,423,634,637,631,611,623,603,676,675,2067,1968,5945,5131,29991,29992,29994,29992,29992]} 1. e4 g6 2. d4 Bg7 3. Nc3 d6 4. Be3 a6 5. Qd2 Nd7 6. a4 Ngf6 {LiveBook: 11 Games. B06: Modern Defence} (6... b6 7. Nf3 Bb7 8. Bc4 e6 9. d5 e5 10. O-O h6 11. Ne1 f5 12. f3 Ne7 13. Nd3 f4 14. Bf2 g5 {1-0 (84) Straka,Z (2547)-Burghoff,A (2609) ICCF email 2012}) 7. f3 e5 8. d5 O-O {White is slightly better.} 9. Nh3 $146 ({Predecessor:} 9. g4 Ne8 10. h4 f5 11. gxf5 gxf5 12. exf5 Rxf5 13. Bg5 Nef6 14. Bd3 {½-½ (24) Pesotsky,V (2262)-Horvath,D (2362) Budapest 2014}) 9... Nc5 10. Nf2 a5 (10... c6 $11 {remains equal.}) 11. g4 h5 {[%cal Rh5g4]} 12. h3 c6 13. Bg5 cxd5 14. exd5 Qb6 15. Bb5 Bd7 16. Be3 {Threatens to win with g5.} Bxb5 17. Nxb5 e4 18. f4 Rac8 19. Rd1 Qd8 {[#]} 20. b3 $1 hxg4 21. hxg4 {[%cal Bh3g4,Bg4g5][%mdl 32]} Qd7 {[#]} 22. Qe2 $1 Rfe8 $2 (22... Rfd8 {was necessary.} 23. Kf1 Kf8) 23. g5 $18 Nh5 24. Rxh5 gxh5 25. Qxh5 Nd3+ (25... Kf8 $142 26. Qh7 f5 27. gxf6 Bxf6) 26. cxd3 exd3 27. Rxd3 Rc1+ 28. Ke2 {[%cal Be1e2,Be2f1,Bf1f2][%mdl 32]} Rc2+ 29. Kf1 Qf5 {aiming for ...Rxf2+.} 30. Nxd6 Rxf2+ 31. Kxf2 Qxd3 32. Qxf7+ Kh7 33. Qh5+ Kg8 {Precision: White = 98%, Black = 40%.} 1-0

[Event "21st Hogeschool Zeeland 2017"]
[Site "Vlissingen"]
[Date "2017.08.06"]
[Round "2"]
[White "Beerdsen, Thomas"]
[Black "Ciornei, Dragos"]
[Result "1-0"]
[WhiteElo "2447"]
[BlackElo "2098"]
[Annotator "TA"]
[PlyCount "151"]
[EventDate "2017.??.??"]
[SourceTitle "playchess.com"]
[Source "ChessBase"]
[SourceQuality "1"]

{[%evp 17,151,31,57,43,50,44,52,45,52,54,63,49,56,53,52,44,96,90,94,99,99,91,99,91,90,66,91,97,91,60,68,66,63,63,60,60,49,20,27,0,0,0,14,41,40,17,18,0,52,0,0,-12,31,0,29,0,25,10,28,0,28,16,63,48,74,32,81,32,79,15,79,67,68,0,99,93,90,41,110,109,186,170,190,188,252,2,2,0,1286,0,0,0,0,0,0,0,0,0,0,0,0,0,0,0,0,0,0,0,0,-95,-93,-92,-91,-97,-107,-108,666,1100,987,987,987,956,678,1236,991,939,1519,1083,12829,2210,5816,1236,12829,12832,5704,1659]} 1. e4 e5 2. Nf3 Nc6 3. d4 exd4 4. Nxd4 Bc5 5. Nb3 Bb6 6. Nc3 Qf6 7. Qe2 Nge7 8. Be3 d6 {C45: Scotch Game} (8... Nd4 9. Nxd4 Bxd4 10. Bxd4 Qxd4 11. Rd1 Qb6 12. Qb5 O-O 13. Be2 d6 14. O-O Be6 15. a4 Nc6 16. Qxb6 axb6 {½-½ (34) Ghaem Maghami,E (2593)-Harikrishna,P (2657) Guangzhou 2010}) 9. O-O-O Be6 {LiveBook: 3 Games} 10. Nd5 Bxd5 $1 {White is slightly better.} 11. exd5 Ne5 12. f4 Nc4 $146 ({Predecessor:} 12... N5g6 13. g3 O-O 14. Bd4 Bxd4 15. Rxd4 Rfe8 16. Re4 {1-0 (40) Valderrama Quiceno,E (2406)-Rodriguez,B (2193) Medellin 2016}) 13. Qxc4 Bxe3+ 14. Kb1 O-O 15. Bd3 Bb6 16. Rhe1 Ng6 (16... g6 $14) 17. g3 $16 Rfe8 18. a4 a5 19. Rxe8+ Rxe8 20. Qb5 Ra8 21. Re1 Qd8 22. Nd2 Nf8 23. Bf5 g6 24. Bh3 f5 25. Nf3 Qd7 26. Bf1 Rd8 27. Bc4 h6 28. Qb3 Re8 29. Ne5 {aiming for Bb5.} Qg7 (29... dxe5 $6 30. Bb5 $16) 30. Bb5 Re7 31. Rd1 Bc5 (31... dxe5 $2 32. d6+ Kh8 33. dxe7 $18) 32. Bd3 b6 ({Much weaker is} 32... dxe5 $6 33. d6+ Re6 34. Bc4 $16) (32... Kh7 $11 33. Qb5 c6) 33. Nf3 (33. c3 $14) 33... Nd7 $11 34. Nh4 Qf6 35. Qb5 Kf7 36. Qc6 Nf8 37. c3 Nh7 38. Qb7 Nf8 39. Qc8 Nh7 40. Ka2 Nf8 41. Bb5 Nh7 42. Rf1 Nf8 43. Bd3 ({Better is} 43. Rc1 $16) 43... Nh7 (43... Kg8 $11 {keeps the balance.}) 44. Rc1 $36 {[%mdl 2048] Black is under pressure.} Nf8 45. Rc2 (45. Bb5 $14) 45... Nh7 (45... Kg8 $11) 46. Rg2 Nf8 47. Bc2 Nh7 (47... Kg8 $14) 48. Nf3 Nf8 (48... h5 $16) 49. g4 $18 fxg4 50. Qxg4 ({Resist} 50. Rxg4 $6 Re2 $16) 50... Re3 (50... Be3 $142 51. Nh4 Qxf4) 51. Nh4 $2 (51. h4 $18) 51... h5 $11 52. Bxg6+ Nxg6 $2 {[%mdl 8192]} (52... Qxg6 $11 53. Qxg6+ Nxg6 54. Nxg6 Rd3) 53. Qxg6+ $2 (53. Qxh5 $18 {[%cal Rh4g6]} Qxh4 54. Qxg6+ Ke7 55. Qg8) 53... Qxg6 54. Nxg6 {[%mdl 4096] Endgame KRB-KRN} Rd3 55. Nh8+ Kf8 56. f5 {f6 is the strong threat.} Rxd5 57. f6 Rf5 58. f7 d5 59. Rg8+ Ke7 60. Rg7 Kf6 61. Rg8 Ke7 62. Rg7 Kf6 63. f8=Q+ (63. Rg6+ $11 {remains equal.} Ke7 64. Kb3) 63... Bxf8 $17 64. Rxc7 Bc5 65. Rc6+ Kg5 66. Rg6+ Kh4 $2 {[%mdl 8192] [#]} (66... Kf4 $17 67. Rg8 Ke5) 67. Rg3 $1 $18 {[%cal Rh8g6] White is clearly winning.} Rg5 68. Ng6+ Rxg6 69. Rxg6 {KR-KB} Kh3 70. Rg5 h4 71. Rxd5 Kxh2 {[#]} 72. Rg5 $1 {[%cal Rg5g6]} h3 73. Kb3 Bf2 74. Kc4 (74. Rg6 $142 Bg3 75. Rxb6) 74... Kh1 75. Kd3 Bc5 76. Ke4 {Precision: White = 56%, Black = 37%.} 1-0

[Event "21st Hogeschool Zeeland 2017"]
[Site "Vlissingen"]
[Date "2017.08.06"]
[Round "2"]
[White "Grochal, Joey"]
[Black "Iturrizaga Bonelli, Eduardo"]
[Result "0-1"]
[WhiteElo "2186"]
[BlackElo "2662"]
[Annotator "TA"]
[PlyCount "73"]
[EventDate "2017.??.??"]
[SourceTitle "playchess.com"]
[Source "ChessBase"]
[SourceQuality "1"]

{[%evp 14,73,14,14,11,11,22,23,24,24,24,23,37,21,26,-16,0,0,8,-84,-77,-85,-82,-80,-77,-83,-87,-118,-93,-96,-83,-223,-185,-180,-189,-186,-184,-187,-180,-166,-166,-221,-227,-211,-218,-250,-247,-248,-247,-253,-250,-294,-286,-285,-285,-294,-282,-330,-331,-309,-319,-376]} 1. d4 Nf6 2. c4 b6 3. Nc3 Bb7 4. d5 e6 5. a3 Bd6 6. Nf3 O-O 7. g3 {A50: Queen's Fianchetto Defence (1 d4 Nf6 2 c4 b6)} exd5 (7... Ba6 8. dxe6 dxe6 9. Nb5 Bb7 10. Bg2 a6 11. Nxd6 cxd6 12. Bg5 Nc6 13. O-O Rc8 14. b4 h6 {1-0 (53) Gupta,A (2630)-Kotsur,P (2557) Dubai 2014}) 8. cxd5 {LiveBook: 13 Games} Na6 9. Bg2 {The position is equal.} Nc5 10. O-O Re8 11. b4 Nce4 12. Nxe4 Nxe4 13. Bb2 a5 14. b5 $146 ({Predecessor:} 14. Qd3 Nf6 {½-½ (34) Kostanjsek,Z (2235)-Oleksak,A (2183) ICCF email 2013}) 14... a4 15. Qd3 Qe7 16. Nd4 (16. Rfe1 $11 {keeps the balance.}) 16... Qe5 $17 (16... Bxd5 $2 17. Nf5 $18) 17. Bxe4 Qxe4 18. Qxe4 Rxe4 19. f3 Re3 20. Bc1 Ree8 21. e4 Bc5 22. Bb2 {[#]} (22. Be3 $17) 22... Bxd5 $1 {[%mdl 512]} 23. exd5 {Rae1 is the strong threat.} Re2 $1 {[%cal Re2b2]} 24. Rab1 {[#]} ({Don't go for} 24. Bc3 $2 Rc2 $19) 24... Rxb2 $1 {[%mdl 512]} 25. Rxb2 {aiming for Rd1.} Bxd4+ $19 {[%mdl 4096] Endgame KRR-KRB} 26. Rff2 Kf8 27. Kf1 (27. Rbc2 {only move.}) 27... Bxf2 28. Kxf2 {KR-KR} Ke7 29. Ke3 Kd6 30. Kd4 Re8 31. Rb4 Re5 32. Rxa4 Rxd5+ {Black has a decisive advantage.} 33. Kc4 c6 34. Ra8 Rxb5 35. Rg8 g6 36. Rg7 Rf5 37. Kd4 {Precision: White = 36%, Black = 80%.} 0-1

[Event "21st Hogeschool Zeeland 2017"]
[Site "Vlissingen"]
[Date "2017.08.06"]
[Round "2"]
[White "Van Baar, Esper"]
[Black "Bok, Benjamin"]
[Result "0-1"]
[WhiteElo "2172"]
[BlackElo "2615"]
[Annotator "TA"]
[PlyCount "44"]
[EventDate "2017.??.??"]
[SourceTitle "playchess.com"]
[Source "ChessBase"]
[SourceQuality "1"]

{[%evp 16,44,22,8,27,-34,-33,-35,-22,-75,-54,-87,-77,-109,-82,-156,-138,-124,-113,-196,-168,-223,-210,-331,-337,-323,-331,-438,-445,-411,-331]} 1. e4 c5 2. Nf3 Nc6 3. Bb5 g6 4. Bxc6 bxc6 5. O-O Bg7 6. Re1 Nh6 7. d3 {B31: Sicilian: 2...Nc6 3 Bb5 g6} (7. c3 O-O 8. h3 f5 9. e5 Nf7 10. d3 d6 11. Bf4 Ba6 12. Nbd2 Qb8 13. exd6 exd6 14. Qc2 Qd8 15. h4 Qd7 {½-½ (41) Grischuk,A (2761)-Radjabov,T (2724) Geneve 2017}) 7... O-O 8. c3 d6 9. h3 {LiveBook: 3 Games. The position is equal.} e5 10. Na3 ({White should try} 10. d4 $11) 10... f5 $15 11. Bg5 Qc7 12. exf5 $146 (12. b4 $11 {keeps the balance.}) ({Predecessor:} 12. Bd2 Rb8 13. Rb1 Be6 14. c4 fxe4 15. Ng5 {½-½ (30) Fox,A (2060)-Thee,B (2002) Bunratty 2014}) 12... gxf5 $17 13. Qa4 Nf7 14. Bd2 Be6 15. d4 (15. Rac1 $142) 15... cxd4 16. cxd4 e4 17. Rac1 {[#]} (17. Ng5 $17 Nxg5 18. Bxg5) 17... Bd7 $1 $19 18. Ng5 {[#]} (18. Nh2 {was worth a try.}) 18... d5 $1 19. Rc5 (19. Qb3 {might work better.} Rab8 20. Qc3) 19... Nxg5 20. Bxg5 f4 21. Qb3 {intending Qxd5+.} Qd6 22. Nc2 {[#]} Bxd4 $1 {[%mdl 512] Precision: White = 17%, Black = 75%.} 0-1